Normal view
MARC view
Entry Personal Name
001 - CONTROL NUMBER
- control field: 50161
003 - CONTROL NUMBER IDENTIFIER
- control field: dpl
005 - DATE AND TIME OF LATEST TRANSACTION
- control field: 20120713155150.0
008 - FIXED-LENGTH DATA ELEMENTS
- fixed length control field: 120713|||a|||||| | ||| d
040 ## - CATALOGING SOURCE
- Original cataloging agency: dpl
- Transcribing agency: dpl
100 ## - HEADING--PERSONAL NAME
- Personal name: शर्मा, रामशरण
670 ## - SOURCE DATA FOUND
- Source citation: Work cat.: (dpl)62183: शर्मा, रामशरण, भारतीय सामंतवाद /, 2010
670 ## - SOURCE DATA FOUND
- Source citation: Work cat.: (dpl)62183: शर्मा, रामशरण, भारतीय सामंतवाद /, 2010
